Vaiṣṇavism in Bengal, 1486-1900 / (Record no. 19324)

MARC details
000 -LEADER
fixed length control field 00855nam a2200265 a 4500
001 - CONTROL NUMBER
control field 2876050
003 - CONTROL NUMBER IDENTIFIER
control field BDDh-ASL
005 - DATE AND TIME OF LATEST TRANSACTION
control field 20231015025756.0
008 - FIXED-LENGTH DATA ELEMENTS--GENERAL INFORMATION
fixed length control field 860611s1985 ii b 001 0 engo
010 ## - LIBRARY OF CONGRESS CONTROL NUMBER
LC control number 85905227
040 ## - CATALOGING SOURCE
Original cataloging agency DLC
Transcribing agency DLC
Modifying agency BDDh-ASL
043 ## - GEOGRAPHIC AREA CODE
Geographic area code a-ii---
050 00 - LIBRARY OF CONGRESS CALL NUMBER
Classification number BL1284.32.B46
Item number C42 1985
082 00 - DEWEY DECIMAL CLASSIFICATION NUMBER
Classification number 294.5512
Edition number 19
Item number CHV
100 1# - MAIN ENTRY--PERSONAL NAME
Personal name Chakravarti, Ramakanta.
245 10 - TITLE STATEMENT
Title Vaiṣṇavism in Bengal, 1486-1900 /
Statement of responsibility, etc. Ramakanta Chakrabarty.
260 ## - PUBLICATION, DISTRIBUTION, ETC.
Place of publication, distribution, etc. Calcutta :
Name of publisher, distributor, etc. Sanskrit Pustak Bhandar,
Date of publication, distribution, etc. 1985.
300 ## - PHYSICAL DESCRIPTION
Extent xvi, 555 p. ;
Dimensions 23 cm.
500 ## - GENERAL NOTE
General note Revision of the author's thesis (doctoral--University of Calcutta, 1980)
500 ## - GENERAL NOTE
General note Includes index.
504 ## - BIBLIOGRAPHY, ETC. NOTE
Bibliography, etc. note Bibliography: p. [477]-538.
650 #0 - SUBJECT ADDED ENTRY--TOPICAL TERM
Topical term or geographic name entry element Vaishnavism
Geographic subdivision India
-- Bengal
General subdivision History.
906 ## - LOCAL DATA ELEMENT F, LDF (RLIN)
a 7
b cbc
c orignew
d 3
e ncip
f 19
g y-gencatlg
942 ## - ADDED ENTRY ELEMENTS (KOHA)
Source of classification or shelving scheme Dewey Decimal Classification
Koha item type Books
Holdings
Withdrawn status Lost status Source of classification or shelving scheme Damaged status Not for loan Collection code Home library Current library Shelving location Date acquired Source of acquisition Total Checkouts Full call number Barcode Date last seen Copy number Price effective from Koha item type
    Dewey Decimal Classification     Non-fiction Asiatic Society Library Asiatic Society Library Sirajul Islam Collection 11/23/2020 Donated by Professor Sirajul Islam, FRHS   294.5512 CHV 102639 11/23/2020 C-1 11/23/2020 Books

Powered by Koha